| 000 | 01230nab a2200217 i 4500 | ||
|---|---|---|---|
| 001 | BPP | ||
| 003 | BPK | ||
| 005 | 20160604115517.0 | ||
| 008 | 160112s1974 pl n f |000 0pol | ||
| 040 | _cBPK | ||
| 080 | _a796.012 | ||
| 100 |
_aWOJCIECHOWSKI, Leszek. _d1968 - 1996. _bWyższa Szkoła Inżynierska w Koszalinie - Studium Wychowania Fizycznego i Sportu |
||
| 245 |
_aWstępne wyniki zmian fałdy skórno-tłuszczowej u studentek Wydziału Budownictwa Lądowego i Mechanicznego Wyższej Szkoły Inżynierskiej w Koszalinie / _cLeszek Wojciechowski. |
||
| 260 |
_g. _c1974. |
||
| 500 | _aDane z autopsji. | ||
| 520 | _aCelem niniejszego doniesienia jest wstępne przedstawienie zachodzących zmian w grubości fałdy skórno-tłuszczowej u studentek I roku Wydziału Budownictwa Lądowego i Mechanicznego rozpoczynających studia w latach 1971 - 1973. Ogółem poddano analizie 87 osób, wyżej wymienioną obserwację wykonano w miesiącu październiku. | ||
| 650 | 0 | _aTkanka tłuszczowa. | |
| 650 | 0 | _aStudenci. | |
| 773 |
_iW : _tZeszyty Naukowe Wyższej Szkoły Inżynierskiej w Koszalinie. Prace Studiów Wychowania Fizycznego i Sportu Uczelni Technicznych. - _g1974, nr 2, s. 4-8 |
||
| 942 |
_cART _2UKD |
||
| 999 |
_c5182 _d5182 |
||